Coupes du Monde de Rugby: Les matchs les plus prolifiques en points - Statistiques

Statistiques générales
  • Ce quiz a été pris 99 fois
  • Le résultat moyen est 21 sur 24
Statistiques - réponses
Réponse % Correct
France
100%
Nouvelle-Zélande
100%
Angleterre
99%
Italie
96%
Ecosse
95%
Australie
94%
Irlande
94%
Fidji
93%
Japon
93%
Pays de Galles
93%
Afrique du Sud
92%
Argentine
89%
Namibie
88%
Samoa
88%
Tonga
86%
Portugal
85%
Etats-Unis
84%
Canada
81%
Géorgie
78%
Roumanie
78%
Russie
73%
Uruguay
73%
Zimbabwe
64%
Côte d'Ivoire
60%
Aucun quiz correspondant
Distribution des résultats
% des personnes avec chaque résultat
Percentile par nombre de réponses
Votre historique - résultats
Vous n’avez pas pris ce quiz